Biomedical Electronics and Instrumentation (Record no. 56464)

MARC details
000 -LEADER
fixed length control field 00466nam a2200181Ia 4500
008 - FIXED-LENGTH DATA ELEMENTS--GENERAL INFORMATION
fixed length control field 230524s9999 xx 000 0 und d
020 ## - INTERNATIONAL STANDARD BOOK NUMBER
ISBN 818845897X
082 ## - DEWEY DECIMAL CLASSIFICATION NUMBER
Classification number 612
Item number PAN
100 ## - MAIN ENTRY--AUTHOR NAME
Personal name Onkar Nath Pandey
245 #0 - TITLE STATEMENT
Title Biomedical Electronics and Instrumentation
250 ## - EDITION STATEMENT
Edition statement 3
260 ## - PUBLICATION, DISTRIBUTION, ETC. (IMPRINT)
Place of publication New Delhi
Name of publisher Katson
Year of publication 2010
300 ## - PHYSICAL DESCRIPTION
Number of Pages 380p;
500 ## - GENERAL NOTE
General note Quantity Number: 1
650 ## - SUBJECT ADDED ENTRY--TOPICAL TERM
Topical Term Bio-medical
700 ## - ADDED ENTRY--PERSONAL NAME
Personal name Rakesh Kumar
942 ## - ADDED ENTRY ELEMENTS (KOHA)
Koha item type Books
Holdings
Lost status Damaged status Permanent Location Current Location Shelving location Date acquired Full call number Accession Number Koha item type
    Central Library, Trident Academy of Technology Central Library, Trident Academy of Technology General Stacks 05/24/2023 612 PAN 53902 Books
Trident Academy of Technology © 2023.
All rights reserved.                                                                                                                                                                                                        Designed by Team of Central Library .

Powered by Koha